000 00576nam a2200181Ia 4500
999 _c14724
_d14724
003 OSt
005 20201028101223.0
008 190216s9999||||xx |||||||||||||| ||und||
020 _a9780198067481
040 _coclc
082 _a823.9140809954
_bMIS/O
100 _aMisra, Tilottoma
_95538
245 4 _aThe Oxford Anthology Of Writings From North-East India /
_cTilottoma Misra
260 _bOxford University Press ,
_c2011.
_aNew Delhi:
300 _a298p
650 _aEnglish
942 _cBK
_2ddc
_h823.9140809954
_iMIS/O
_k823.9140809954
_mMIS/O